Á lódáil...

Spectroscopy /

Sonraí Bibleagrafaíochta
Main Authors: Pavia, Donald L., Kriz, George S. (Údar), Vyvyan, James R. (Údar)
Údair Eile: Lampman, Gary M.
Formáid: Printed Book
Teanga:English
Foilsithe: New Delhi : Cengage Learning c2015.
Eagrán:5th edition.
Ábhair:
LEADER 01351nam a22002777a 4500
008 170421b xxu||||| |||| 00| 0 eng d
020 |a 9788131529164 
082 0 4 |a 543.5  |2 23 
100 |a Pavia, Donald L., 
245 1 0 |a Spectroscopy /  |c Gary M. Lampman, Donald L. Pavia, George S. Kriz, James R. Vyvyan, Department of Chemistry, Western Washington University, Bellingham, Washington. 
250 |a 5th edition. 
260 |a New Delhi :  |b Cengage Learning  |c c2015. 
300 |a xvii, 690 pages, [74] variously numbered pages :  |b illustrations ;  |c 26 cm 
500 |a Previous edition: Belmont, California: Brooks/Cole, 2009. 
504 |a Includes bibliographical references and index. 
650 0 |a Spectrum analysis  |v Textbooks. 
650 0 |a Organic compounds  |x Analysis  |v Textbooks. 
700 |a Lampman, Gary M., 
700 1 |a Kriz, George S.,  |e author. 
700 1 |a Vyvyan, James R.,  |e author. 
942 |c BK 
906 |a 7  |b cbc  |c copycat  |d 2  |e ncip  |f 20  |g y-gencatlg 
955 |b rl09 2014-07-17 z-processor  |i rl09 2014-07-21 ; to Dewey 
955 |a pc22 2013-09-13 
999 |c 122123  |d 122123 
952 |0 0  |1 0  |2 ddc  |4 0  |6 543_500000000000000_PAV_I  |7 0  |9 135191  |a CHE  |b CHE  |c ST1  |d 2017-03-31  |e The Book Shop, Publication Division, University of Calicut  |g 538.23  |i 6499  |l 5  |m 1  |o 543.5 PAV/I  |p CHE6499  |r 2021-11-19  |s 2019-07-05  |v 699.00  |w 2017-04-21  |x UGC GDA 2016-17  |y BK